LEADER 00807nam0 2200241 450 001 000009639 005 20180626135930.0 100 $a20080410d1965----km-y0itay50------ba 101 0 $aita 102 $aIT 105 $aa-------001yy 200 1 $aAnalisi economica dei problemi territoriali$fBernardo Secchi 210 $aMilano$cA. Giuffrè$d1965 215 $a105 p.$cill.$d25 cm 610 1 $aPianificazione territoriale$aItalia 676 $a711.30945$v19$9Piani e pianificazione interstatale, statale, provinciale. Italia 700 1$aSecchi,$bBernardo$010411 801 0$aIT$bUNIPARTHENOPE$c20080410$gRICA$2UNIMARC 912 $a000009639 951 $a711.2/101$b17532$cPIST 951 $a711.2/101(1)$b20539$cPIST 996 $aAnalisi economica dei problemi territoriali$9845548 997 $aUNIPARTHENOPE LEADER 01118cam0 22003133 450 001 SOB017350 005 20200522075958.0 010 $a8807102471 100 $a20040211d1998 |||||ita|0103 ba 101 $aita 102 $aIT 200 1 $a"Bisogna difendere la società"$fMichel Foucault$gsotto la direzione di François Ewald$gAlessandro Fontana$gcur.Mauro Bertani$gAlessandro Fontana 210 $aMilano$cFeltrinelli$d1998 215 $a282 p.$d22 cm 225 2 $aCampi del sapere 410 1$1001LAEC00015034$12001 $a*Campi del sapere 700 1$aFoucault$b, Michel$3AF00004660$4070$0124914 702 1$aEWALD, François$3AF00021685$4070 702 1$aFONTANA, Alessandro$3AF00021686$4070 702 1$aBERTANI, Mauro$3AF00021687$4070 801 0$aIT$bUNISOB$c20200522$gRICA 850 $aUNISOB 852 $aUNISOB$j100$m111426 912 $aSOB017350 940 $aM 102 Monografia moderna SBN 941 $aM 957 $a100$b010199$gSI$d111426$rACQUISTO$1Spinosa$2UNISOB$3UNISOB$420200522075909.0$520200522075934.0$6Spinosa 996 $aFaut défendre la société$925240 997 $aUNISOB